| 000 | 00000nam##2200000za#4500 |
| 001 | 9.599555 |
| 003 | CaOODSP |
| 005 | 20240501092931 |
| 007 | cr ||||||||||| |
| 008 | 150406|1998||||xxc|||||o f|0| 0 fre|d |
| 040 | |aCaOODSP|bfre |
| 043 | |an-cn--- |
| 086 | 1 |aPS83-3/74F-PDF |
| 110 | 2 |aService correctionnel Canada. |
| 245 | 10|aRésultats du sondage sur la satisfaction des clients des Services juridiques de mars 1997 à mars 1998 / |h[ressource électronique]|cpar Roberta Lynn Sinclair, Colleen Anne Dell et Roger Boe. |
| 260 | |bService correctionnel Canada |cNovembre 1998. |
| 300 | |a44p.|btableaux |
| 490 | 1 |aRapport de recherche|v[R-74] |
| 590 | |a10-12-Supp|b2010-11-18 |
| 720 | 1 |aDell, Colleen Anne |
| 720 | 1 |aBoe, Roger |
| 720 | 1 |aSinclair, Roberta Lynn |
| 775 | 08|tResults of the Legal Services client satisfaction survey March 1997 - March 1998 / |w(CaOODSP)9.568265 |
| 830 | #0|aRapport de recherche (Service correctionnel Canada. Direction de la recherche)|v[R-74]|w(CaOODSP)9.502465 |
| 856 | 40|ahttp://publications.gc.ca|qPDF|s108 Ko|uhttps://publications.gc.ca/collections/collection_2010/scc-csc/PS83-3-74-fra.pdf|y[R-74] |